| 000 | 00762nam a2200205 a 4500 | ||
|---|---|---|---|
| 008 | 120416s1990 ||||||||||||||||| || u | ||
| 020 | _a0306434342 | ||
| 050 | _aQC 176 Dal | ||
| 100 | _aDalven, Richard | ||
| 245 | 1 | 0 | _aIntroduction to applied solid state physics: topics in the applications of semiconductors, super-conductors, ferromagnetism, and the nonlinear ... |
| 250 | _a2nd ed | ||
| 260 |
_aNew York _bPlenum Press _c1990 |
||
| 300 | _axvi, 410p. : ill | ||
| 350 | _a0.00 | ||
| 500 | _aBibliography. | ||
| 650 | 0 | _aPHYSICS | |
| 650 | 0 | _aSOLID STATE PHYSICS | |
| 650 | _aSEMICONDUCTORS | ||
| 995 |
_D0.00 _FCBU-MAIN LIBRARY (Kitwe) _H1 _I29.65 _M1 _UAVAILABLE _ZMain Library Open Access Collection |
||
| 999 |
_c47608 _d47608 |
||